[Event "20th Abu Dhabi Masters 2013"]
[Site "Abu Dhabi UAE"]
[Date "2013.07.03"]
[Round "4.2"]
[White "Istratescu,A"]
[Black "Papin,V"]
[Result "1/2-1/2"]
[WhiteElo "2655"]
[BlackElo "2547"]

1.e4 c5 2.Nf3 e6 3.d4 cxd4 4.Nxd4 a6 5.Bd3 Bc5 6.Nb3 Ba7 7.Qg4 Nf6 8.Qg3 d6
9.O-O Nc6 10.Nc3 b5 11.Kh1 Bb7 12.Be3 Bxe3 13.Qxe3 O-O 14.Rad1 Qc7 15.f4 Nb4
16.a3 Nxd3 17.cxd3 Rac8 18.Rc1 Qb8 19.h3 Rfd8 20.Ne2 Nd7 21.Na5 Rxc1 22.Rxc1 Rc8
23.Rxc8+ Bxc8 24.Qc1 Bb7 25.b4 Kf8 26.Kg1 h6 27.Kf2 Qa7+ 28.Qe3 Qxe3+ 29.Kxe3 Ba8
30.Nd4 Nb8 31.g4 Ke7 32.h4 g6 33.g5 hxg5 34.hxg5 f6 35.gxf6+ Kxf6 36.Nf3 Nd7
37.Nb3 Nb6 38.Nc1 Bb7 39.Ne2 e5 40.Nd2 g5 41.fxe5+ dxe5 42.Nb3 Nd7 43.Kf3 Bc8
44.Nc3 g4+ 45.Kg3 Kg5 46.Nd5 Nf6 47.Nxf6 Kxf6 48.Kh4 Be6 49.Nc1 Kg6 50.Ne2 Kf6
51.Nc3 Bb3 52.Kxg4 Bc2 53.Nd5+ Kg6 54.Kf3 Bxd3 55.Nc7 Kf6 56.Nxa6 Bc4 57.Nc5 Ke7
58.Kg4 Kf6 59.a4 bxa4 60.Nxa4 Be2+ 61.Kh4 Bd3 62.Nc3 Ke6 63.Kg5 Bc4 64.b5 Kd6
65.b6 Ba6 66.Kf6 Bb7 67.Nd5 Ba8 68.Kf5 Bc6 69.Kf6 Ba8 70.Kf7 Kd7 71.Nf6+ Kd6
72.Ke8 Bxe4 73.Nxe4+ Kc6 74.Nc5 Kxb6 75.Nd7+ Kc7 76.Nxe5  1/2-1/2

[Event "4th Kiryat Ono Open A"]
[Site "Kiryat Ono ISR"]
[Date "2013.07.03"]
[Round "4.6"]
[White "Kedem,M"]
[Black "Kaplan,S"]
[Result "0-1"]
[WhiteElo "2149"]
[BlackElo "2398"]

1.e4 c5 2.Nf3 e6 3.d4 cxd4 4.Nxd4 a6 5.Bd3 Bc5 6.Nb3 Be7 7.Qg4 Bf6 8.N1d2 Nc6
9.Nc4 d5 10.Ncd2 Nge7 11.Qe2 O-O 12.Nf3 Ng6 13.c3 a5 14.a4 Nce5 15.Bb5 Nxf3+
16.gxf3 b6 17.Be3 Bb7 18.Bd3 Ne5 19.Nd2 Nxd3+ 20.Qxd3 Ba6 21.Qc2 d4 22.Bf4 dxc3
23.bxc3 Rc8 24.Ra3 Bd3 25.Qb2 Qe7 26.Rb3 Rfd8 27.Bg3 Rc5 28.Nb1 Rc4 29.Nd2 Rxa4
30.Rxb6  0-1

[Event "41st TCh-GRE"]
[Site "Rio (Achaia) GRE"]
[Date "2013.07.03"]
[Round "3.1"]
[White "Papadopoulos,I"]
[Black "Kotronias,V"]
[Result "1/2-1/2"]
[WhiteElo "2415"]
[BlackElo "2581"]

1.e4 c5 2.Nf3 e6 3.d4 cxd4 4.Nxd4 a6 5.Bd3 Bc5 6.Nb3 Be7 7.Qg4 g6 8.Qe2 d6
9.O-O Nd7 10.Na3 b6 11.Nc4 Bb7 12.a4 Ngf6 13.Bh6 Qc7 14.f4 Nxe4 15.Bxe4 d5
16.Bf3 dxc4 17.Bxb7 Qxb7 18.Qxc4 Nf6 19.Qe2 Bf8 20.Bxf8 Kxf8 21.a5 Kg7 22.axb6 Qxb6+
23.Qf2 Rab8 24.Qxb6 Rxb6 25.Ra2 Nd5 26.Nd4 Rd8 27.c3 h5 28.g3 Kf6 29.Re1 Nb4
30.Nxe6 Nxa2 31.Nxd8 Rxb2 32.c4 Rc2 33.Rd1 Rc1 34.Rxc1 Nxc1 35.Nb7 Nb3 36.c5 a5
37.c6 Ke7 38.Kf2 a4 39.Kg2 a3  1/2-1/2

[Event "41st TCh-GRE"]
[Site "Rio (Achaia) GRE"]
[Date "2013.07.03"]
[Round "3.9"]
[White "Poulopoulos,I"]
[Black "Zisiadis,Dimitrios"]
[Result "1/2-1/2"]
[WhiteElo "2066"]
[BlackElo "1763"]

1.e4 c5 2.Nf3 e6 3.d4 cxd4 4.Nxd4 a6 5.Bd3 Bc5 6.c3 Qc7 7.O-O Nf6 8.Bg5 Be7
9.f4 d6 10.Qe2 Nbd7 11.Nd2 h6 12.Bxf6 Bxf6 13.Rae1 b5 14.N2f3 e5 15.fxe5 dxe5
16.Nf5 Nb6 17.Nd2 Be6 18.Kh1 Rd8 19.Rf3 Nc4 20.Bxc4 bxc4 21.Ref1 g6 22.Ne3 Bg5
23.Ndxc4 O-O 24.b3 Rd7 25.Qf2 Rfd8 26.Nd5 Bxd5 27.exd5 e4 28.d6 Qb7 29.Rh3 Re8
30.Qd4 Qb5 31.Rg3 Re6 32.Rd1 Bf4 33.Rh3 f5 34.a4 Qc6 35.Qf2 Bg5 36.a5 e3
37.Nxe3 Rdxd6 38.Rxd6 Qxd6 39.Nf1 Qd1 40.Rf3 Qxb3 41.Qc5 Qd1 42.h3 Qd6 43.Qc4 Qc6
44.Qb3 Kg7 45.Kh2 Qd6+ 46.Kh1  1/2-1/2

[Event "41st TCh-GRE"]
[Site "Rio (Achaia) GRE"]
[Date "2013.07.04"]
[Round "4.5"]
[White "Zawadzka,J"]
[Black "Paehtz,E"]
[Result "0-1"]
[WhiteElo "2393"]
[BlackElo "2454"]

1.e4 c5 2.Nf3 e6 3.d4 cxd4 4.Nxd4 a6 5.Bd3 Bc5 6.Nb3 Ba7 7.Qg4 Nf6 8.Qg3 d6
9.Nc3 Nc6 10.Bg5 b5 11.O-O-O Bb7 12.Rhe1 h6 13.Bd2 Ne5 14.f4 Nxd3+ 15.Qxd3 O-O
16.Be3 Bxe3+ 17.Rxe3 b4 18.Ne2 a5 19.Kb1 Qb6 20.h3 e5 21.g4 Rfd8 22.c4 bxc3
23.Nxc3 a4 24.Nc1 d5 25.fxe5 d4 26.Nxa4 Qa5 27.Ree1 Bxe4 28.Rxe4 Nxe4 29.Qxe4 Qxa4
30.Rd2 Qc4 31.b3 Qc3 32.Rd3 Qc5 33.e6 fxe6 34.Qxe6+ Kh8 35.Qe2 Re8 36.Qd2 Re4
37.Qc2 Qe5 38.a4 Qe6 39.Qb2 Rc8 40.Rd1 Qg6 41.Ka1 Rc3 42.Qg2 Re8 43.Qd5 Rec8
44.Na2 Rxh3 45.g5 Qh5 46.Rxd4 hxg5 47.a5 Qg6 48.Kb2 Qc2+ 49.Ka3 Rh2 50.Nb4 Qb2+
51.Ka4 Rb8  0-1

[Event "36th Barbera Open"]
[Site "Barbera del Valles ESP"]
[Date "2013.07.05"]
[Round "2.9"]
[White "Rishi,S"]
[Black "Hayrapetyan,Ho"]
[Result "1/2-1/2"]
[WhiteElo "2316"]
[BlackElo "2486"]

1.e4 c5 2.Nf3 e6 3.d4 cxd4 4.Nxd4 a6 5.Bd3 Qc7 6.O-O Nc6 7.Nxc6 dxc6 8.Be3 Nf6
9.Nd2 e5 10.a4 Ng4 11.Bg5 Be7 12.Bxe7 Qxe7 13.Nc4 Be6 14.Nb6 Rd8 15.a5 Qg5
16.Qc1 Qh4 17.h3 Nf6 18.Qe3 O-O 19.Rfd1 Nh5 20.Bf1 Nf4 21.Kh2 Qh5 22.Rd2 Rxd2
23.Qxd2 g5 24.Nd7 Bxd7 25.Qxd7 Qg6 26.Re1 Qf6 27.Qf5 Kg7 28.Rd1 Qxf5 29.exf5 Nd5
30.c4 Nf6 31.b4 Re8 32.b5 axb5 33.cxb5 cxb5 34.Bxb5 Ne4  1/2-1/2

[Event "41st TCh-GRE"]
[Site "Rio (Achaia) GRE"]
[Date "2013.07.05"]
[Round "5.7"]
[White "Stamouli,Konstantina"]
[Black "Bouza,Mirto - Eleni"]
[Result "0-1"]
[WhiteElo "1286"]
[BlackElo "1326"]

1.e4 c5 2.Nf3 e6 3.d4 cxd4 4.Nxd4 a6 5.Bd3 Qc7 6.O-O Nf6 7.Bg5 Be7 8.Re1 d6
9.Nc3 b6 10.Qe2 Nbd7 11.Rac1 Bb7 12.a3 O-O 13.h3 h6 14.Bd2 Rfd8 15.Qf1 Nc5
16.b4 Nxd3 17.Qxd3 Rac8 18.f3 Nd7 19.Nb3 Bf6 20.Nd1 Ne5 21.Qe2 d5 22.exd5 Rxd5
23.Bf4 Qc4 24.Qxc4 Nxc4 25.Ne3 Rd7 26.Nxc4 Rxc4 27.Be5 Bxe5 28.Rxe5 Rdc7
29.Re2 Kf8 30.Kf2 Ke7 31.Rd2 Bd5 32.Ke2 Rc3 33.Na1 Rxa3 34.Kf2 Rc4 35.Re1 Kd6
36.Rc1 Rxb4 37.c4 Ke5 38.Re1+ Kd6 39.cxd5 exd5 40.Red1 Rb5 41.Rc2 Rba5 42.Rcc1 b5
43.Nc2 Ra2 44.Kf1 Rb2 45.Nd4 Kd7 46.Nf5 b4 47.Ne3 Ke6 48.Re1 Kd7 49.Red1 Ke6
50.Re1 Kd7 51.Nf5 b3 52.Ne3 Rb5 53.Nf5 a5 54.Re7+ Kd8 55.Rcc7 Rc2 56.Red7+ Ke8
57.Nxg7+ Kf8 58.Rxf7+ Kg8 59.Rb7 Rxb7 60.Rxb7 b2 61.Nf5 a4 62.Nxh6+ Kf8 63.Rb8+ Ke7
64.Rb7+ Kd6 65.Nf5+ Kc6 66.Nd4+ Kxb7 67.Nxc2 b1=Q+ 68.Kf2 Qxc2+ 69.Kg3 a3  0-1

[Event "IsBank TCh-TUR 2013"]
[Site "Denizli TUR"]
[Date "2013.07.06"]
[Round "9.3"]
[White "Semenova,El1"]
[Black "Nevednichy,V"]
[Result "1/2-1/2"]
[WhiteElo "2152"]
[BlackElo "2580"]

1.e4 c5 2.Nf3 e6 3.d4 cxd4 4.Nxd4 a6 5.Bd3 Bc5 6.Nb3 Ba7 7.Qe2 Nc6 8.O-O d6
9.Be3 Bxe3 10.Qxe3 Nf6 11.Nc3 b5 12.Rfd1 O-O 13.Be2 Qc7 14.Nd4 Ne5 15.f4 Ng6
16.a3 Qa7 17.Kh1 Re8 18.Qg3 e5 19.fxe5 dxe5 20.Nf5 Nxe4 21.Nh6+ gxh6 22.Nxe4 Qe7
23.Qf2 Kg7 24.c4 bxc4 25.Bxc4 Rf8 26.b4 h5 27.Rd3 h4 28.Nd6 h3 29.Rf1 hxg2+
30.Qxg2 Be6 31.Bxe6 fxe6 32.Rxf8 Rxf8 33.Ne4 Kh8 34.Rd1 Qh4 35.Rc1 Qf4 36.Re1 Nh4
37.Qe2 Nf5 38.Nc5 Nh4 39.Ne4 Qf3+ 40.Qxf3 Rxf3 41.Ra1 Re3 42.Nc5 Re2 43.Rf1 h5
44.Rf8+ Kh7 45.Kg1 Ra2 46.Rf6 Rxa3 47.Rxe6 Ra2 48.Kf1 Nf3 49.h3 Kg7 50.Rxa6 Rb2
51.Rb6 h4 52.Ne4 Nd4 53.b5 Rb3 54.Ng5 Nxb5 55.Kf2 Kf8 56.Rb7 Ke8 57.Ne4 Kd8
58.Nd6 Rb2+ 59.Kf1 Rb1+ 60.Kf2 Nc3 61.Rxb1 Nxb1 62.Nf7+  1/2-1/2

[Event "IsBank TCh-TUR 2013"]
[Site "Denizli TUR"]
[Date "2013.07.07"]
[Round "10.8"]
[White "Cemhan,K"]
[Black "Tulay,S"]
[Result "1-0"]
[WhiteElo "2033"]
[BlackElo "1806"]

1.e4 c5 2.Nf3 e6 3.d4 cxd4 4.Nxd4 a6 5.Bd3 Qc7 6.O-O Nf6 7.Qe2 d6 8.c4 Be7
9.Nc3 Nbd7 10.f4 O-O 11.Kh1 b6 12.Bd2 Bb7 13.Rae1 Rfd8 14.Nf3 Nc5 15.Bb1 e5
16.Nd5 Nxd5 17.exd5 f6 18.Nh4 Bf8 19.fxe5 dxe5 20.Rf3 Bc8 21.b4 e4 22.Bxe4 Nxe4
23.Qxe4 Bb7 24.Qe6+ Kh8 25.Ng6+  1-0

[Event "VIII Wroclaw Open A 2013"]
[Site "Wroclaw POL"]
[Date "2013.07.07"]
[Round "7.3"]
[White "Cukrowski,F"]
[Black "Dobrowolski,P"]
[Result "0-1"]
[WhiteElo "2175"]
[BlackElo "2419"]

1.e4 c5 2.Nf3 e6 3.d4 cxd4 4.Nxd4 a6 5.Bd3 Bc5 6.Nb3 Ba7 7.O-O Nc6 8.Qg4 Nf6
9.Qxg7 Rg8 10.Qh6 Ne5 11.Bf4 Neg4 12.Qh4 Nxf2 13.Rxf2 Rg4 14.Qh6 Rg6 15.Qh4 Rg4
16.Qh6 Ng8 17.Qxh7 Bxf2+ 18.Kxf2 Rxf4+ 19.Kg1 Qg5 20.Qh3 Nf6 21.N1d2 Rh4
22.Qf3 Ng4 23.Nf1 Ne5 24.Qe3 Qxe3+ 25.Nxe3 Ke7 26.Nd4 d6 27.Rf1 Bd7 28.g3 Rh5
29.Be2 Rh7 30.Nf3 Nxf3+ 31.Bxf3 Rc8 32.Be2 Bb5 33.c4 Bc6 34.Bd3 Rh5 35.Rf4 b5
36.b3 bxc4 37.Nxc4 Bb5 38.a4 Bxc4 39.Bxc4 a5 40.Rf2 Re5 41.Re2 d5 42.exd5 Rxe2
43.Bxe2 exd5 44.Kf2 Rc2 45.Ke3 Rb2 46.h4 Rxb3+  0-1

[Event "IsBank TCh-TUR 2013"]
[Site "Denizli TUR"]
[Date "2013.07.08"]
[Round "11.5"]
[White "Ertan,C"]
[Black "Goksel,D"]
[Result "1-0"]
[WhiteElo "2277"]
[BlackElo "2242"]

1.e4 c5 2.Nf3 e6 3.d4 cxd4 4.Nxd4 a6 5.Bd3 Bc5 6.Nb3 Be7 7.O-O d6 8.f4 Nd7
9.N1d2 Ngf6 10.Qe2 Qc7 11.Nf3 e5 12.c4 O-O 13.Kh1 b6 14.Nh4 g6 15.f5 Bb7
16.Bh6 Rfd8 17.fxg6 hxg6 18.Rf3 b5 19.Raf1 bxc4 20.Bxc4 d5 21.exd5 Rac8 22.d6 Qxc4
23.Qxc4 Rxc4 24.dxe7 Re8 25.Rh3 Rc2 26.Rd3 Rxe7 27.Bg5 Re6 28.Rd2 Rxd2 29.Nxd2 Kg7
30.Nhf3 Ne4 31.Nxe4 Bxe4 32.Be3 Bc6 33.Ng5 Re7 34.Rc1 Bd5 35.Rc7 Kf6 36.Ra7 Bxa2
37.Ne4+ Kf5 38.Nd6+ Kg4 39.h3+ Kh5 40.Rxa6 Be6 41.Ra8 g5 42.Rh8+ Kg6 43.Rg8+ Kh7
44.Rxg5 f6 45.Rh5+ Kg6 46.g4 Nf8 47.b4 Bd5+ 48.Kh2 Re6 49.Nf5 Bc4 50.Rh8 Kf7
51.Bc5  1-0

[Event "Polugaevsky Mem 2013"]
[Site "Samara RUS"]
[Date "2013.07.08"]
[Round "7.9"]
[White "Khanin,S"]
[Black "Fedorov,Alex"]
[Result "0-1"]
[WhiteElo "2245"]
[BlackElo "2578"]

1.e4 c5 2.Nf3 e6 3.d4 cxd4 4.Nxd4 a6 5.Bd3 Ne7 6.O-O Nbc6 7.Nxc6 Nxc6 8.c4 Bc5
9.Nd2 d6 10.Nb3 Ba7 11.Qe2 e5 12.Be3 Be6 13.Rfd1 O-O 14.Rac1 Qb8 15.Qe1 a5
16.Na1 Nb4 17.Bb1 b5 18.a3 Bxe3 19.Qxe3 Nc6 20.Bd3 bxc4 21.Bxc4 Nd4 22.Bxe6 Nxe6
23.Nb3 Ra6 24.Qd3 Qb7 25.Qd5 Qb6 26.g3 a4 27.Nd2 Nd4 28.Nc4 Qb3 29.Rb1 Rb8
30.Ne3 Rab6 31.Qa5 g6 32.Kg2 Kg7 33.h4 Rb5 34.Qc7 Qe6 35.Rd2 Qf6 36.Nc4 Qf3+
37.Kh3 Ne6  0-1

[Event "St. Pauli Open 2013"]
[Site "Hamburg GER"]
[Date "2013.07.09"]
[Round "4.3"]
[White "Groetz,H"]
[Black "Teske,H"]
[Result "0-1"]
[WhiteElo "2319"]
[BlackElo "2517"]

1.e4 c5 2.Nf3 e6 3.d4 cxd4 4.Nxd4 a6 5.Bd3 Ne7 6.O-O Nbc6 7.Nxc6 Nxc6 8.Be3 Be7
9.f4 b5 10.a4 bxa4 11.Rxa4 O-O 12.Nc3 Nb4 13.Be2 Bb7 14.Bf3 Qc7 15.Qd2 Bc6
16.Raa1 Rfd8 17.Na4 d5 18.Bb6 dxe4 19.Qc3 Qd7 20.Bxd8 Rxd8 21.Nc5 Qa7  0-1

[Event "Commonwealth & RSA Open"]
[Site "Port Elizabeth RSA"]
[Date "2013.07.09"]
[Round "5.21"]
[White "Kiran,M"]
[Black "Naidu,S"]
[Result "1-0"]
[WhiteElo "2259"]
[BlackElo "1850"]

1.e4 c5 2.Nf3 e6 3.d4 cxd4 4.Nxd4 a6 5.Bd3 Qc7 6.Qe2 d6 7.c4 Nf6 8.Nc3 Be7
9.O-O O-O 10.Nf3 Nc6 11.Bf4 Ne5 12.Rac1 b6 13.Rfd1 Bb7 14.h3 Nfd7 15.b3 Rad8
16.Bb1 Nxf3+ 17.Qxf3 f5 18.Qg3 Nf6 19.exf5 Qc6 20.Be3 Nh5 21.Qh2 Bf6 22.Be4 d5
23.cxd5  1-0

[Event "Commonwealth & RSA Open"]
[Site "Port Elizabeth RSA"]
[Date "2013.07.09"]
[Round "5.38"]
[White "Klaasen,C"]
[Black "Chandna,Shubham"]
[Result "1-0"]
[WhiteElo "2140"]
[BlackElo "1774"]

1.e4 c5 2.Nf3 e6 3.d4 cxd4 4.Nxd4 a6 5.Bd3 Qc7 6.O-O Nf6 7.Qe2 d6 8.Kh1 Nbd7
9.f4 Be7 10.c4 b6 11.Nc3 Bb7 12.Bd2 O-O 13.Nf3 Qc5 14.Rae1 Rfd8 15.h3 Qh5
16.Kg1 Nc5 17.Bc2 a5 18.e5 Ne8 19.Nb5 d5 20.Kh2 Ne4 21.g4 Qg6 22.Be3 Ra6
23.cxd5 exd5 24.Nbd4 f6 25.Nc6 Bxc6 26.Qxa6 f5 27.g5 Bc5 28.Nd4 Nc7 29.Qe2 Bb7
30.Bd3 h6 31.Rg1 Ne6 32.gxh6 Qxh6 33.Nxf5 Qh7 34.Ng3 Bb4 35.Rd1 Qh4 36.Bxe4 dxe4
37.Nf5 Nxf4 38.Rxd8+ Qxd8 39.Rxg7+  1-0

[Event "FSFMB July 2013"]
[Site "Budapest HUN"]
[Date "2013.07.10"]
[Round "5.5"]
[White "Takacs,Z"]
[Black "Bacsi,A"]
[Result "0-1"]
[WhiteElo "1847"]
[BlackElo "1860"]

1.e4 c5 2.Nf3 e6 3.d4 cxd4 4.Nxd4 a6 5.Bd3 Qc7 6.Be3 Nc6 7.O-O Nf6 8.Nc3 b5
9.a3 Bb7 10.Kh1 Be7 11.f4 d6 12.Qe2 O-O 13.h3 Nxd4 14.Bxd4 e5 15.Be3 d5 16.fxe5 Qxe5
17.Rf5 Qe6 18.exd5 Nxd5 19.Nxd5 Bxd5 20.Qf2 g6 21.Bh6 gxf5 22.Bxf8 Bxf8 23.Bxf5 Qh6
24.Rd1 Be6 25.Be4 Re8 26.Rd4 Bc5 27.Qg3+ Qg7  0-1

[Event "IsBank TCh-TUR 2013"]
[Site "Denizli TUR"]
[Date "2013.07.10"]
[Round "13.7"]
[White "Soysal,Serkan"]
[Black "Sevgi,V"]
[Result "1-0"]
[WhiteElo "2056"]
[BlackElo "2005"]

1.e4 c5 2.Nf3 e6 3.d4 cxd4 4.Nxd4 a6 5.Bd3 Qc7 6.O-O Nf6 7.c4 d6 8.Qe2 Nbd7
9.b3 b6 10.Bb2 Bb7 11.Nc3 Be7 12.Rae1 O-O 13.f4 d5 14.cxd5 Bc5 15.Na4 exd5
16.e5 Ne4 17.Nxc5 Ndxc5 18.Bb1 Rae8 19.Nf5 Re6 20.Rd1 Rd8 21.Qe3 Ree8 22.Bd4 f6
23.Bxe4 Nxe4 24.Bxb6 Qc8 25.Bxd8 Qxf5 26.Bb6 fxe5 27.fxe5 Qxe5 28.Bd4 Qd6
29.Rc1 Bc8 30.Qf4 Qxf4 31.Rxf4 Ng5 32.Rf2 Ne4 33.Rfc2 Bf5 34.Rc7 Nd6 35.Rxg7+ Kf8
36.Rcc7 Bg6 37.Bc5 Re1+ 38.Kf2 Re6 39.Rgd7  1-0

[Event "St. Pauli Open 2013"]
[Site "Hamburg GER"]
[Date "2013.07.10"]
[Round "6.15"]
[White "Wobbe,S"]
[Black "Johannsen,D"]
[Result "1-0"]
[WhiteElo "2149"]
[BlackElo "2095"]

1.e4 c5 2.Nf3 e6 3.d4 cxd4 4.Nxd4 a6 5.Bd3 Qc7 6.c4 d6 7.Nc3 Nd7 8.Be3 Ngf6
9.O-O Ne5 10.Rc1 Nxd3 11.Qxd3 Be7 12.f4 O-O 13.Kh1 b6 14.Rf3 Bb7 15.f5 e5
16.Nd5 Qd8 17.Nc2 Nxd5 18.cxd5 Rc8 19.Rff1 Bg5 20.Nb4 Rc5 21.Nc6 Qf6 22.Bxc5 dxc5
23.Rcd1 h6 24.Rfe1 Qd6 25.g3 Ra8 26.h4 Bf6 27.Kg2 a5 28.a4 Ba6 29.Qb3 Qc7
30.Kh3 Kh7 31.g4 Rf8 32.Re3 Re8 33.Rg1 g5 34.fxg6+ fxg6 35.Rf3 Bg7 36.Qe3 Bc8
37.Kh2 Rf8 38.Rxf8 Bxf8 39.Qf3 Bg7 40.Rf1 Qd7 41.Rg1 Qe8 42.h5 Bd7 43.b3 Kh8
44.hxg6 Qxg6 45.Ne7 Qg5 46.Nf5 Bf6 47.Qe3 Kh7 48.Qxg5 Bxg5 49.Kg3 Kg6 50.Nd6 Be3
51.Rh1 Bf4+ 52.Kf3 Kg5 53.Rh5+ Kf6 54.Nc4 b5 55.axb5 Bxb5 56.Nxa5 Bd3 57.Rf5+  1-0

[Event "Commonwealth & RSA Open"]
[Site "Port Elizabeth RSA"]
[Date "2013.07.10"]
[Round "7.8"]
[White "Cawdery,D"]
[Black "Kulkarni,R"]
[Result "1-0"]
[WhiteElo "2345"]
[BlackElo "2270"]

1.e4 c5 2.Nf3 e6 3.d4 cxd4 4.Nxd4 a6 5.Bd3 Ne7 6.O-O Nbc6 7.Nxc6 Nxc6 8.Qg4 g6
9.f4 Bg7 10.Nc3 O-O 11.Qg3 f5 12.Be3 b5 13.Rad1 Bb7 14.Qf2 Rc8 15.exf5 gxf5
16.Be2 d5 17.Bc5 Re8 18.Bh5 Re7 19.Bxe7 Nxe7 20.Rd2 Qd7 21.Re1 Nc6 22.Kh1 Na5
23.Rde2 Rc6 24.Nxd5 Rd6 25.Ne3 h6 26.c3 Nc6 27.Bf3 Ne7 28.Bxb7 Qxb7 29.Nc2 Qd7
30.Nd4 Bxd4 31.cxd4 Nd5 32.g4 Nf6 33.gxf5 exf5 34.Qg2+ Kf8 35.Re5 Rxd4 36.Qg6 Qc6+
37.Kg1 Rd2 38.Qxh6+ Kg8 39.Qg6+ Kf8 40.Qh6+ Kg8 41.Re8+ Qxe8 42.Rxe8+ Nxe8
43.Qe6+ Kf8 44.Qxf5+ Ke7 45.Qe5+ Kf7 46.f5 Rd6 47.Kg2 Rf6 48.Kg3 Nd6 49.Kg4 Kg7
50.h4 Nf7 51.Qd4 Nh6+ 52.Kg5 Nf7+ 53.Kf4 Nd6 54.Qa7+ Nf7 55.Qe7 Rh6 56.Ke4 Rd6
57.b3 Rf6 58.Qc7 Rd6 59.Qc3+ Rf6 60.Kd5 Nh6 61.Qc7+ Nf7 62.Qg3+ Kf8 63.Qg4 Nh6
64.Qd4 Kf7 65.Qa7+ Kf8 66.Qc5+ Kg7 67.Qc7+ Nf7 68.Kc5 Rxf5+ 69.Kb4 Rf6 70.Ka5 Rh6
71.Qf4 Rd6 72.h5 Rh6 73.Qg4+ Kh7 74.Kb4 Rd6 75.Kc5 Rh6 76.Kb4 Rd6 77.Ka5 Rh6
78.Qd7 Kg7 79.a3 Rd6 80.Qf5 Rh6 81.Qg4+ Kh7 82.Qf4 Kg7 83.Qg4+ Kh7 84.Qc8 Kg7
85.Qxa6 Rxa6+ 86.Kxa6 Nd6 87.Ka5 Kh6 88.Kb4 Kxh5 89.Kc5 Nc8 90.Kxb5 Kg6 91.a4 Kf6
92.Kc6 Ke6 93.a5 Na7+ 94.Kb7 Nb5 95.Kb6 Nd6 96.Kc6 Ke7 97.a6 Nc8 98.Kc7 Na7
99.Kb7 Nb5 100.a7 Nxa7 101.Kxa7 Kd7 102.b4 Kc6 103.Ka6 Kc7 104.b5 Kb8 105.Kb6 Ka8
106.Kc7  1-0

[Event "FSIM July 2013"]
[Site "Budapest HUN"]
[Date "2013.07.11"]
[Round "6.3"]
[White "Sean,W"]
[Black "Szeberenyi,A"]
[Result "0-1"]
[WhiteElo "2259"]
[BlackElo "2313"]

1.e4 c5 2.Nf3 e6 3.d4 cxd4 4.Nxd4 a6 5.Bd3 Bc5 6.Nb3 Ba7 7.O-O Nc6 8.Qg4 Nf6
9.Qxg7 Rg8 10.Qh6 Ne5 11.Kh1 Rg6 12.Qh4 Nfg4 13.Qxd8+ Kxd8 14.Bf4 Nxd3 15.cxd3 Nxf2+
16.Rxf2 Bxf2 17.N1d2 b5 18.Bd6 e5 19.Bxe5 d6 20.Bc3 Be6 21.Ba5+ Ke7 22.Rf1 Be3
23.Re1 Bxd2 24.Nxd2 Bxa2 25.b3 Rc8 26.Kg1 Rc2 27.g3 Rh6 28.Ra1 Ke8 29.Bb4 Rh5
30.Kg2 a5 31.Bxa5 b4 32.Bxb4 Rb5 33.Bc3 Bxb3  0-1

[Event "EY Boys Teams 2013"]
[Site "Maribor SLO"]
[Date "2013.07.11"]
[Round "6"]
[White "Bagi,M"]
[Black "Drozdowski,K"]
[Result "1/2-1/2"]
[WhiteElo "2369"]
[BlackElo "2456"]

1.e4 c5 2.Nf3 e6 3.d4 cxd4 4.Nxd4 a6 5.Bd3 Nf6 6.O-O d6 7.c4 g6 8.Nc3 Bg7
9.Nf3 O-O 10.Bf4 Nc6 11.h3 Nh5 12.Bg5 Qa5 13.Be2 Nd4 14.Be7 Re8 15.Bxd6 Nxe2+
16.Qxe2 Bxc3 17.bxc3 e5 18.c5 f6 19.Qc4+ Be6 20.Qb4 Qxb4 21.cxb4 Nf4 22.a4 g5
23.Kh2 Kf7 24.Nd2 Ne2 25.Rfe1 Nd4 26.Rab1 Bd7 27.Nc4 Bxa4 28.Nb6 Bc6 29.Nxa8 Rxa8
30.f3 h5 31.Kg1 Ke6 32.Kf2 h4 33.Red1 Nb5 34.Rd2 Rh8 35.Rh1 Rh7 36.Rc1 Rh8
37.Rb1 Nc3 38.Rc1 Nb5 39.Rh1 Rh7 40.Re1 Rh8 41.Red1 Nc3 42.Rh1 Nb5 43.Ke3 Na3
44.Ra2 Nb5 45.Rd2 Na3 46.Rc1 Nb5 47.Rd3 Kf7 48.Rcd1 Ke6 49.Kf2 Kf7 50.R1d2 Ke6
51.g3 hxg3+ 52.Kxg3 Nd4 53.Rxd4 exd4 54.Rxd4 Rd8 55.Rd2 Rd7 56.Rh2 Rh7 57.h4  1/2-1/2

[Event "EY Boys Teams 2013"]
[Site "Maribor SLO"]
[Date "2013.07.11"]
[Round "6"]
[White "Licznerski,L"]
[Black "Tesik,C"]
[Result "1/2-1/2"]
[WhiteElo "2328"]
[BlackElo "2341"]

1.e4 c5 2.Nf3 e6 3.d4 cxd4 4.Nxd4 a6 5.Bd3 Bc5 6.Nb3 Be7 7.Qg4 Bf6 8.O-O Nc6
9.Qg3 Nge7 10.f4 d6 11.N1d2 e5 12.Nf3 O-O 13.fxe5 Nxe5 14.Nxe5 Bxe5 15.Qf2 Be6
16.c3 Qc7 17.Nd4 Bc4 18.Bxc4 Qxc4 19.Be3 Qd3 20.Nf5 Rae8 21.Rad1 Qxe4 22.Nxd6 Bxd6
23.Rxd6 Nc8 24.Bc5 Nxd6 25.Bxd6 Qc4 26.Bxf8 Rxf8 27.Qb6 Qxa2 28.Qxb7 h6 29.b3 Qa5
30.b4 Qa2 31.Qc6 Rd8 32.h3 Qe2 33.Qc7 Qe8 34.Qb7 Qe6 35.Qf3 Qc4 36.Re1 Rc8
37.Re4 Qc6 38.Re3 Qb6 39.Kh1 Qc7 40.Qe4 Qb6 41.Rg3 Qf6  1/2-1/2

[Event "3rd SPAChess Open"]
[Site "Amsterdam NED"]
[Date "2013.07.12"]
[Round "7.18"]
[White "Boelhouwer,Collin"]
[Black "Kremer,M"]
[Result "1-0"]
[WhiteElo "2103"]
[BlackElo "2250"]

1.e4 c5 2.Nf3 e6 3.d4 cxd4 4.Nxd4 a6 5.Bd3 Bc5 6.Nb3 Be7 7.Qg4 g6 8.Qe2 d6
9.a4 Nc6 10.a5 Nf6 11.Bh6 e5 12.h3 Be6 13.N1d2 Nh5 14.Be3 Nf4 15.Bxf4 exf4
16.Bc4 O-O 17.O-O Bf6 18.c3 Re8 19.Rfe1 b5 20.axb6 Qxb6 21.Ra3 a5 22.Bxe6 Rxe6
23.Nc4 Qc7 24.Qd2 a4 25.Qxf4 Ra7 26.Nbd2 d5 27.Qxc7 Rxc7 28.Nb6 d4 29.Nxa4 dxc3
30.Nxc3 Rb7 31.Rb3 Rd7 32.Nf3 Rd3 33.Ra3 Nd4 34.Nxd4 Rxd4 35.f4 Bh4 36.Rf1 Rb6
37.g3 Be7 38.Ra8+ Kg7 39.Rf2 Bc5 40.Rc8 Rc4 41.Kg2 Rbb4 42.Re2 Bd4 43.Rxc4 Rxc4
44.Nd5 Bc5 45.g4 Rd4 46.g5 h6 47.h4  1-0

[Event "FSFMA July 2013"]
[Site "Budapest HUN"]
[Date "2013.07.13"]
[Round "8.2"]
[White "Mayer,I"]
[Black "Farkas,R"]
[Result "1/2-1/2"]
[WhiteElo "2050"]
[BlackElo "2198"]

1.e4 c5 2.Nf3 e6 3.d4 cxd4 4.Nxd4 a6 5.Bd3 Bc5 6.Nb3 Be7 7.O-O Qc7 8.c3 Nf6
9.Re1 d6 10.N1d2 Nc6 11.Bf1 O-O 12.a4 Rd8 13.f4 e5 14.f5 d5 15.exd5 Nxd5
16.Qf3 Nf6 17.a5 b6 18.Nc4 bxa5 19.Nbxa5 Nxa5 20.Rxa5 e4 21.Qf2 Ng4 22.Qf4 Bc5+
23.Rxc5 Qxc5+ 24.Ne3 Nxe3 25.Bxe3 Qxf5 26.Qg3 Qg6 27.Bg5 Re8 28.Qh4 Qb6+
29.Be3 Qe6 30.Bd4 Qg4 31.Qf2 f5 32.h3 Qg6 33.Re3 Qf7 34.Qf4 Bd7 35.Rg3 g6
36.h4 Bb5 37.h5 Re6 38.hxg6 Rxg6 39.Qe5 Kf8 40.Bc5+ Kg8  1/2-1/2

[Event "St. Pauli Open 2013"]
[Site "Hamburg GER"]
[Date "2013.07.13"]
[Round "8.2"]
[White "Wobbe,S"]
[Black "Socko,B"]
[Result "0-1"]
[WhiteElo "2149"]
[BlackElo "2646"]

1.e4 c5 2.Nf3 e6 3.d4 cxd4 4.Nxd4 a6 5.Bd3 Nf6 6.O-O Qc7 7.Nc3 d6 8.Kh1 g6
9.f4 Bg7 10.Qe2 O-O 11.Bd2 Nbd7 12.Nb3 b6 13.Rae1 Bb7 14.a4 Rfc8 15.Qf2 Nc5
16.Nxc5 bxc5 17.b3 d5 18.exd5 Nxd5 19.Nxd5 Bxd5 20.c4 Bb7 21.Be3 Rd8 22.Rd1 Bd4
23.Bc2 Bxe3 24.Qxe3 Qc6 25.Qf2 Rd4 26.Rxd4 cxd4 27.Re1 Rd8 28.Be4 Qc7 29.Qf3 Bxe4
30.Qxe4 Qb8 31.Rb1 d3 32.g3 Qb4 33.Qf3 Qc3 34.Kg1 a5 35.Qd1 d2 36.Kf2 Qd4+
37.Kg2 Qe4+ 38.Kf2 Qxb1  0-1

[Event "Minsk Open 2013"]
[Site "Minsk BLR"]
[Date "2013.07.13"]
[Round "1.17"]
[White "Motovilnik,Jurij"]
[Black "Lutsko,I"]
[Result "0-1"]
[WhiteElo "1794"]
[BlackElo "2377"]

1.Nf3 c5 2.e4 e6 3.d4 cxd4 4.Nxd4 a6 5.Bd3 Nf6 6.O-O d6 7.Kh1 Be7 8.f4 Qc7
9.c4 b6 10.Nc3 Bb7 11.Be3 Nbd7 12.Qe2 Nc5 13.Bg1 Nxd3 14.Qxd3 Rc8 15.Nf3 Qxc4
16.Qxc4 Rxc4 17.Nd2 Rc6 18.Rac1 O-O 19.Rfd1 Rfc8 20.h3 b5 21.a3 Nh5 22.Be3 Bf6
23.Ndb1 h6 24.g4 Bxc3 25.Nxc3 Nf6 26.Kg1 Kf8 27.Kf1 Ke7 28.Ke2 Rc4 29.e5 dxe5
30.fxe5 Nd7 31.Bd4 Nc5 32.Rc2 Nb3 33.Bf2 a5 34.Bh4+ g5  0-1

[Event "28th Gniot Mem 2013"]
[Site "Police POL"]
[Date "2013.07.13"]
[Round "4.1"]
[White "Weichhold,P"]
[Black "Simantsev,M"]
[Result "1-0"]
[WhiteElo "2382"]
[BlackElo "2473"]

1.e4 c5 2.Nf3 e6 3.d4 cxd4 4.Nxd4 a6 5.Bd3 Bc5 6.Nb3 Be7 7.Qg4 Bf6 8.O-O Nc6
9.a4 Nge7 10.a5 Ne5 11.Qe2 d5 12.Nc3 O-O 13.Rd1 Bd7 14.exd5 exd5 15.Be3 Re8
16.Qd2 Bg4 17.Re1 Nxd3 18.Qxd3 Bf5 19.Qd2 Bxc3 20.Qxc3 Rc8 21.Bc5 Nc6 22.Qd2 Qf6
23.c3 Qg6 24.Re3 Re4 25.f3 Rxe3 26.Bxe3 Ne5 27.Qxd5 Bh3 28.g4 Bxg4 29.fxg4 Nxg4
30.Bf4 h6 31.Qg2 Qf5 32.Rf1 g5 33.h3 Ne5 34.Nd4 Qf6 35.Qxb7 Rf8 36.Bh2 Qh8
37.Qe7 Ng6 38.Qf6 Qh7 39.Nf5  1-0

[Event "120th ch-SCO 2013"]
[Site "Helensburgh SCO"]
[Date "2013.07.14"]
[Round "9.10"]
[White "Burrows,M"]
[Black "Pritchett,C"]
[Result "0-1"]
[WhiteElo "2157"]
[BlackElo "2360"]

1.e4 c5 2.Nf3 e6 3.d4 cxd4 4.Nxd4 a6 5.Bd3 Nf6 6.O-O d6 7.c4 Nbd7 8.Nc3 b6
9.Be3 Bb7 10.f3 Be7 11.Qd2 O-O 12.Rac1 Ne5 13.Be2 Rc8 14.b3 Qc7 15.Kh1 Qb8
16.Bg1 Bd8 17.Rfe1 Bc7 18.f4 Ned7 19.Bf3 Rfe8 20.Nde2 Ba8 21.Ng3 Nf8 22.Bd4 N6d7
23.f5 e5 24.Bf2 b5 25.Be2 Ba5 26.Qg5 Nf6 27.Bd3 N8d7 28.Red1 Nc5 29.Nd5 Bxd5
30.exd5 Nxd3 31.Rxd3 bxc4 32.bxc4 Qb2 33.Be3 Rxc4 34.Rxc4 Qb1+ 35.Bg1 Qxd3
36.Rc6 Qxd5 37.Rxa6 Bd2 38.Qh4 e4 39.Ne2 Qd3  0-1